000 00554nam a22002057a 4500
999 _c211
_d211
003 OSt
005 20191125172119.0
008 140715b xxu||||| |||| 00| 0 eng d
020 _a9780762308170
040 _cDDC
082 _222nd ed.
_a303.4 FUL 2003
_bF
100 _aFuller, Bruce; Hannum, Emily
_9546
245 _aSchool and Social Capital in Diverse Cultures
260 _a-
_bEmerald Group
_c2003
300 _a186p;
_bill:
_c24cm
504 _aIndex included
650 _aCultures
_9547
650 _aSchooling life
_913080
942 _2z
_cB_BANK